| 000 | 00831cam a2200193 4500 | ||
|---|---|---|---|
| 001 | WS104707 | ||
| 008 | 000000n 000 0 eng u | ||
| 035 | _a(Sirsi) u104707 | ||
| 110 |
_aDesign and Build Institute of America _93841 |
||
| 245 | _aDesign and Build Institute of America | ||
| 520 | _aWeb site aiming to 'continually improve the level of practice, to disseminate educational information and to furnish advice and support to facility owners and users' in the field of design and build. Includes links to a resource library of information and to their journal 'Dateline'. | ||
| 650 | _aUSA | ||
| 650 | _aDESIGN AND BUILD | ||
| 650 | _aORGANISATION | ||
| 650 | _aINTERNATIONAL | ||
| 690 | _aBUILT ENVIRONMENT | ||
| 856 | 4 | 0 |
_uhttps://www.dbia.org/ _zView the website free of charge at www.dbia.org.uk... |
| 942 | _n0 | ||
| 999 |
_c119446 _d119446 |
||